| Tag |
First Indicator |
Second Indicator |
Subfields |
| LEADER |
00000cam a2200000 4500 |
| 001 |
in00000094799 |
| 005 |
20150927110544.0 |
| 008 |
730802s1973 nyua b 00110 eng |
| 010 |
|
|
|a 73076140
|
| 020 |
|
|
|a 002848920X
|
| 035 |
|
|
|a (OCoLC)00744393
|
| 035 |
|
|
|9 AAL6672AM
|
| 040 |
|
|
|a DLC
|c DLC
|d TXA
|d UtOrBLW
|
| 043 |
|
|
|a cc-----
|
| 049 |
|
|
|a TXAM
|c [1152196]
|
| 050 |
0 |
0 |
|a TX360.C35
|b M38
|
| 100 |
1 |
|
|a May, Jacques M.
|q (Jacques Meyer),
|d 1896-
|
| 245 |
1 |
4 |
|a The ecology of malnutrition in the Caribbean ;
|b the Bahamas, Cuba, Jamaica, Hispaniola (Haiti and the Dominican Republic), Puerto Rico, The Lesser Antilles, and Trinidad and Tobago /
|c by Jacques M. May and Donna L. McLellan.
|
| 250 |
|
|
|a [1st ed.].
|
| 264 |
|
1 |
|a New York :
|b Hafner Press,
|c 1973.
|
| 300 |
|
|
|a viii, 490 pages :
|b illustrations ;
|c 24 cm.
|
| 336 |
|
|
|a text
|b txt
|2 rdacontent
|
| 337 |
|
|
|a unmediated
|b n
|2 rdamedia
|
| 338 |
|
|
|a volume
|b nc
|2 rdacarrier
|
| 490 |
1 |
|
|a Studies in medical geography, v. 12
|
| 504 |
|
|
|a Includes bibliographies.
|
| 650 |
|
0 |
|a Food supply
|z Caribbean Area.
|
| 650 |
|
0 |
|a Diet
|z Caribbean Area.
|
| 650 |
|
0 |
|a Malnutrition
|z Caribbean Area.
|
| 700 |
1 |
|
|a McLellan, Donna L.
|
| 800 |
1 |
|
|a May, Jacques M.
|q (Jacques Meyer),
|d b. 1896.
|t Studies in medical geography ;
|v v. 12.
|
| 999 |
|
|
|a MARS
|
| 999 |
f |
f |
|s 5fe8eb2d-9a8f-3a8a-86b1-2f3360495a1a
|i 878cad51-2be0-3154-8650-195bb770962e
|t 0
|
| 952 |
f |
f |
|p ric
|a Texas A&M University
|b Rellis Campus
|c Joint Library Facility
|d Remote Storage
|t 0
|e TX360.C35 M38
|h Library of Congress classification
|i unmediated -- volume
|m A14805672312
|
| 998 |
f |
f |
|a TX360.C35 M38
|t 0
|l Remote Storage
|